Advanced accounting

Đã lưu trong:
書目詳細資料
主要作者: Copeland, Ronald
格式: 圖書
語言:Undetermined
出版: New York Holt, Rinehart and Winston, Inc 1971
主題:
標簽: 添加標簽
沒有標簽, 成為第一個標記此記錄!
Thư viện lưu trữ: Trung tâm Học liệu Trường Đại học Cần Thơ
LEADER 00518nam a2200181Ia 4500
001 CTU_68730
008 210402s9999 xx 000 0 und d
082 |a 657 
082 |b C782 
100 |a Copeland, Ronald 
245 0 |a Advanced accounting 
245 0 |c Ronald Copeland, D. Larry Crumbley, Joseph F. Wojdak 
260 |a New York 
260 |b Holt, Rinehart and Winston, Inc 
260 |c 1971 
650 |a Accounting 
904 |i Trúc Phương 
980 |a Trung tâm Học liệu Trường Đại học Cần Thơ